| 000 | 00908nam a2200289 i 4500 | ||
|---|---|---|---|
| 003 | EG-GICUC | ||
| 005 | 20260203125655.0 | ||
| 008 | 260203s1932 -uk ||fr|||| 000 0 eng d | ||
| 040 |
_aEG-GiCUC _cEG-GiCUC _dEG-GiCUC _erda _beng |
||
| 041 | 0 | _aeng | |
| 082 | 0 | 4 |
_221 _a341.33 _bGO . S |
| 092 | 0 | 4 | _221 |
| 099 | _aLaw1 11 341.33 GO . S 1942 | ||
| 100 | 1 |
_aGooch, G. P _eAuthor. |
|
| 245 | 1 | 0 |
_aStudies In Diplomacy And Statecraft / _cBy G. P. Gooch. |
| 264 | 1 |
_aLondon : _bLongmans, Green And Co, _c1942. |
|
| 300 |
_a373 pages, _c24 cm. |
||
| 336 |
_2rda content _atext |
||
| 337 |
_2rda media _aComputer |
||
| 338 |
_2rda carrier _aOnline Resource |
||
| 504 | _aIncludes bibliographical references and index. | ||
| 546 | _aText in English | ||
| 650 | 1 | 4 | _aPublic international law |
| 856 | 4 | 0 | _uhttps://fll.law.cu.edu.eg/fulltext/bks/B11-07462.pdf |
| 905 | _a48 | ||
| 942 |
_2ddc _cBK _e21 _n0 |
||
| 999 |
_c60533 _d60533 |
||